[Event "Oz.com qual blitz"]
[Site "Internet ICC"]
[Date "2000.03.05"]
[Round "6"]
[White "Porper, Edward"]
[Black "Sherbakov, Ruslan"]
[Result "0-1"]
[WhiteElo "2436"]
[BlackElo "2552"]
[PlyCount "190"]
[EventDate "2000.03.05"]
[EventType "swiss (blitz)"]
[EventRounds "9"]
[Source "ChessBase"]
[SourceDate "2000.11.22"]

1. d4 Nf6 2. c4 e6 3. Nf3 c5 4. d5 exd5 5. cxd5 d6 6. Nc3 g6 7. e4 a6 8. a4 Bg4
9. Be2 Bxf3 10. Bxf3 Nbd7 11. O-O Bg7 12. Bf4 Qe7 13. Qb3 Rb8 14. Rad1 O-O 15.
Rfe1 Ne8 16. Bg4 Ne5 17. Be2 Nd7 18. a5 Nc7 19. Bg4 Ne5 20. Be2 Nd7 21. Bg4 Ne5
22. Be2 Rfe8 23. Na4 Nd7 24. Bf1 Na8 25. Qa3 b5 26. axb6 Naxb6 27. Bxa6 Nxa4
28. Qxa4 Rxb2 29. Bf1 Reb8 30. Qc6 Ne5 31. Bxe5 Bxe5 32. g3 h5 33. Re2 Rxe2 34.
Bxe2 Rb2 35. Qa6 Bd4 36. Qd3 Qf6 37. Rf1 Qg5 38. Kg2 Rd2 39. Qb5 Qe5 40. Bf3 h4
41. Qd7 Kg7 42. Qg4 hxg3 43. hxg3 c4 44. Qc8 c3 45. Qc4 Qg5 46. Be2 Qe5 47. Bd3
Qf6 48. Be2 Qe7 49. Bd3 Qe5 50. Qb5 Qg5 51. Qc4 Qe3 52. Bb1 Rxf2+ 53. Rxf2
Qxf2+ 54. Kh3 Be5 55. Qd3 Qe1 56. Kg4 Kg8 57. Bc2 Qf2 58. Bd1 Qh2 59. Kf3 Qxg3+
60. Ke2 Qg2+ 61. Ke3 Qg1+ 62. Ke2 Qh2+ 63. Kf1 Qh1+ 64. Ke2 Kg7 65. Qf3 Qh2+
66. Qf2 Qh3 67. Qf3 Qc8 68. Bc2 Qa6+ 69. Qd3 Qb6 70. Kf3 Qg1 71. Ke2 Qg2+ 72.
Kd1 g5 73. Qe2 Qg1+ 74. Qe1 Qd4+ 75. Ke2 Bf4 76. Kf3 Qf6 77. Ke2 g4 78. Qg1 Qg5
79. Qg2 Be5 80. Kd3 Qf4 81. Bd1 g3 82. Bc2 Kg6 83. Bd1 Kg7 84. Kc4 Qe3 85. Bf3
Qd4+ 86. Kb3 Qb6+ 87. Kc2 Qb2+ 88. Kd3 Qb5+ 89. Kc2 Qc4 90. Qh3 Qa2+ 91. Kd3
Qd2+ 92. Kc4 c2 93. Qg4+ Kf8 94. Qc8+ Ke7 95. Qc7+ Kf6 0-1

[Event "Oz.com qual blitz"]
[Site "Internet ICC"]
[Date "2000.03.05"]
[Round "8"]
[White "Porper, Edward"]
[Black "Smerdon, David"]
[Result "1-0"]
[WhiteElo "2436"]
[BlackElo "2257"]
[PlyCount "65"]
[EventDate "2000.03.05"]
[EventType "swiss (blitz)"]
[EventRounds "9"]
[Source "ChessBase"]
[SourceDate "2000.11.22"]

1. d4 e6 2. c4 Nf6 3. Nf3 c5 4. d5 exd5 5. cxd5 d6 6. Nc3 g6 7. h3 Bg7 8. e4
O-O 9. Be2 Re8 10. Nd2 Qe7 11. O-O Nbd7 12. Re1 a6 13. a4 Rb8 14. Bf1 Nh5 15.
Nc4 Ne5 16. Na3 Qh4 17. Nc2 Bg4 18. Be2 Bxe2 19. Qxe2 Nf4 20. Bxf4 Qxf4 21. Ne3
Nd7 22. Nc4 b5 23. axb5 axb5 24. Na5 b4 25. Nb5 Be5 26. g3 Qf6 27. Nc6 Ra8 28.
Rxa8 Rxa8 29. f4 Bd4+ 30. Nbxd4 cxd4 31. e5 Qf5 32. e6 Qxd5 33. Ne7+ 1-0

[Event "Lost Boys op"]
[Site "Antwerp BEL"]
[Date "1998.??.??"]
[Round "3"]
[White "Van Wely, Loek"]
[Black "Porper, Edward"]
[Result "0-1"]
[WhiteElo "2605"]
[BlackElo "2440"]
[PlyCount "78"]
[EventDate "1998.08.??"]
[EventType "swiss"]
[EventRounds "9"]
[EventCountry "BEL"]
[Source "ChessBase"]
[SourceDate "1998.11.10"]

1. d4 d5 2. c4 c6 3. Nc3 Nf6 4. Nf3 e6 5. Bg5 h6 6. Bh4 dxc4 7. e4 g5 8. Bg3 b5
9. Be2 Nbd7 10. d5 Bb7 11. dxe6 fxe6 12. Nd4 Nc5 13. O-O Qd7 14. e5 O-O-O 15.
exf6 Qxd4 16. Qxd4 Rxd4 17. Be5 Rd2 18. f7 Rh7 19. Bh5 Rd7 20. Rae1 Rhxf7 21.
Bxf7 Rxf7 22. Bd4 Kd7 23. Rd1 Kc7 24. Rfe1 b4 25. Bxc5 Bxc5 26. Ne4 Bb6 27. Rd2
Rf5 28. Red1 Rd5 29. Nf6 c3 30. Nxd5+ exd5 31. Rd3 d4 32. Rh3 Ba6 33. bxc3 bxc3
34. Rc1 Ba5 35. Rxh6 d3 36. Rh7+ Kb6 37. Rb1+ Bb5 38. Rd7 c2 39. Rc1 Bd2 0-1

[Event "ISR-Tch"]
[Site "ISR"]
[Date "1997.??.??"]
[Round "6"]
[White "Porper, Edward"]
[Black "Stisis, Yaacov"]
[Result "1/2-1/2"]
[WhiteElo "2435"]
[BlackElo "2375"]
[PlyCount "133"]
[EventDate "1997.??.??"]
[EventType "team"]
[EventRounds "7"]
[EventCountry "ISR"]
[Source "ChessBase"]
[SourceDate "1997.07.29"]

1. d4 d5 2. c4 c6 3. Nf3 Nf6 4. Nc3 e6 5. Bg5 dxc4 6. a4 Bb4 7. e4 Bxc3+ 8.
bxc3 Qa5 9. e5 Ne4 10. Bd2 Qd5 11. a5 c5 12. Qa4+ Bd7 13. Qxc4 Nc6 14. Bd3 O-O
15. Qxd5 exd5 16. h3 f6 17. exf6 Rxf6 18. Be3 cxd4 19. Bxe4 dxe4 20. Nxd4 Nxd4
21. Bxd4 Rg6 22. g3 Bb5 23. Kd2 a6 24. Rhe1 Re8 25. Re3 Rg5 26. g4 Bc6 27. Rg3
Rd8 28. h4 Rb5 29. Kc2 Rbd5 30. Re3 R5d7 31. h5 Rf7 32. Rg3 Rf3 33. Rxf3 exf3
34. Kd3 Re8 35. Kc4 Kf7 36. g5 Re4 37. Rg1 g6 38. hxg6+ hxg6 39. Kc5 Ke6 40.
Kb6 Re2 41. Ka7 Kf5 42. Bb6 Rc2 43. Bd4 Ra2 44. Kb6 Rb2+ 45. Ka7 Rb3 46. Re1
Kxg5 47. Re5+ Kf4 48. Rc5 Ke4 49. Rg5 Rb5 50. Rxb5 axb5 51. Bf6 Kf5 52. Bd8 Ke4
53. a6 bxa6 54. Kxa6 Kd3 55. Bf6 Kc4 56. Kb6 Be4 57. Ka5 Bc6 58. Kb6 Be8 59.
Ka5 Kb3 60. Kb6 g5 61. Bxg5 Kxc3 62. Kc5 b4 63. Bf6+ Kb3 64. Bg5 Ka4 65. Bd2 b3
66. Bc1 Bf7 67. Bb2 1/2-1/2

[Event "ISR-ch"]
[Site "Jerusalem ISR"]
[Date "1996.??.??"]
[Round "1"]
[White "Porper, Edward"]
[Black "Rapoport, Evgeny"]
[Result "1-0"]
[WhiteElo "2425"]
[BlackElo "2195"]
[PlyCount "75"]
[EventDate "1996.10.26"]
[EventType "swiss"]
[EventRounds "9"]
[EventCountry "ISR"]

1. d4 Nf6 2. c4 e6 3. Nf3 b6 4. Nc3 Bb4 5. Bg5 h6 6. Bh4 Bb7 7. e3 Bxc3+ 8.
bxc3 d6 9. Nd2 Nbd7 10. f3 Qe7 11. Be2 e5 12. e4 g5 13. Bf2 O-O-O 14. Nf1 g4
15. Ne3 gxf3 16. gxf3 Nh5 17. c5 dxc5 18. d5 Ng7 19. Qa4 a5 20. Rg1 f5 21.
O-O-O f4 22. Nc4 Ne8 23. Rg6 Nf8 24. Rg4 Nh7 25. Rdg1 Ng5 26. Be1 Kb8 27. h4
Nh7 28. Rg6 Nf8 29. R6g2 Nh7 30. Bf2 h5 31. Kc2 Rf8 32. Nxa5 bxa5 33. Qxa5 Nhf6
34. Bxc5 Nd6 35. Qa7+ Kc8 36. Rb1 Qh7 37. Rxb7 Nxb7 38. Qa8+ 1-0

[Event "ISR-ch"]
[Site "Jerusalem ISR"]
[Date "1996.??.??"]
[Round "3"]
[White "Porper, Edward"]
[Black "Mittelman, Gur"]
[Result "1-0"]
[WhiteElo "2425"]
[BlackElo "2375"]
[PlyCount "85"]
[EventDate "1996.10.26"]
[EventType "swiss"]
[EventRounds "9"]
[EventCountry "ISR"]

1. d4 Nf6 2. c4 g6 3. Nc3 Bg7 4. e4 d6 5. Be2 O-O 6. Nf3 e5 7. d5 a5 8. Bg5 h6
9. Bh4 Na6 10. Nd2 Bd7 11. O-O Qe8 12. b3 Nh7 13. a3 f5 14. f3 Nf6 15. Bf2 g5
16. b4 axb4 17. axb4 Nxb4 18. Qb3 c5 19. dxc6 Nxc6 20. Nb5 Rxa1 21. Rxa1 Nd4
22. Bxd4 exd4 23. Nxd6 Qe7 24. c5+ Kh8 25. Bd3 fxe4 26. N2xe4 Nxe4 27. Bxe4 Bc6
28. Qd3 Qe5 29. Rc1 Qf4 30. Re1 g4 31. Rf1 gxf3 32. Bxf3 Bxf3 33. Rxf3 Qc1+ 34.
Qf1 Qxf1+ 35. Kxf1 Rxf3+ 36. gxf3 Kg8 37. f4 Kf8 38. Nxb7 Ke7 39. c6 Bf8 40.
Ke2 h5 41. f5 Bh6 42. f6+ Ke6 43. Nd8+ 1-0

[Event "ISR-chT"]
[Site "ISR"]
[Date "1996.??.??"]
[Round "2"]
[White "Porper, Edward"]
[Black "Oratovsky, Michael"]
[Result "1/2-1/2"]
[WhiteElo "2425"]
[BlackElo "2485"]
[PlyCount "64"]
[EventDate "1996.??.??"]
[EventType "team"]
[EventRounds "11"]
[EventCountry "ISR"]
[Source "ChessBase"]
[SourceDate "1997.09.26"]

1. d4 Nf6 2. Nf3 g6 3. c4 d6 4. Nc3 Nbd7 5. e4 e5 6. Be2 Bg7 7. O-O O-O 8. Qc2
c6 9. Rd1 Qe7 10. d5 a5 11. b3 Nc5 12. Ba3 Ne8 13. Qd2 Bd7 14. Bxc5 dxc5 15.
Na4 cxd5 16. Nb6 d4 17. Nxa8 Qd8 18. Qg5 f6 19. Qg3 Qxa8 20. Nd2 Bc6 21. f4
exf4 22. Qxf4 f5 23. exf5 d3 24. Bxd3 Qd8 25. Qf1 Bxa1 26. Rxa1 Ng7 27. Nf3
Bxf3 28. gxf3 Nxf5 29. Bxf5 Qd4+ 30. Kh1 Rxf5 31. Rd1 Qf4 32. Rd3 b6 1/2-1/2

[Event "ISR-chT"]
[Site "ISR"]
[Date "1996.??.??"]
[Round "3"]
[White "Ravia, Mosi"]
[Black "Porper, Edward"]
[Result "0-1"]
[WhiteElo "2330"]
[BlackElo "2425"]
[PlyCount "92"]
[EventDate "1996.??.??"]
[EventType "team"]
[EventRounds "11"]
[EventCountry "ISR"]
[Source "ChessBase"]
[SourceDate "1997.09.26"]

1. d4 d5 2. c4 Nc6 3. Nf3 Bg4 4. cxd5 Bxf3 5. dxc6 Bxc6 6. Nc3 e6 7. e4 Bb4 8.
f3 f5 9. e5 Ne7 10. a3 Ba5 11. Bg5 Bb6 12. Bc4 Qd7 13. Be3 Rd8 14. Qe2 O-O 15.
O-O-O Nd5 16. Bg5 Rde8 17. Kb1 Ba5 18. Nxd5 Bxd5 19. Rc1 Bb6 20. Rhd1 Rf7 21.
Bh4 Kh8 22. Qd3 c6 23. Qb3 Bxc4 24. Qxc4 Qc7 25. b4 a6 26. a4 Rd7 27. Rc3 Rd5
28. b5 axb5 29. axb5 c5 30. Rdd3 Rc8 31. Bf2 cxd4 32. Qxc7 Rxc7 33. Rxc7 Bxc7
34. Rxd4 Rxb5+ 35. Kc1 h6 36. f4 Bb6 37. Rd2 Bxf2 38. Rxf2 g5 39. g3 Rb4 40.
fxg5 hxg5 41. Rd2 Rb5 42. Rd7 Rc5+ 43. Kb2 b5 44. h4 gxh4 45. gxh4 Rxe5 46. Kc3
f4 0-1

[Event "ISR-chT"]
[Site "ISR"]
[Date "1996.??.??"]
[Round "4"]
[White "Porper, Edward"]
[Black "Kosashvili, Yona"]
[Result "1/2-1/2"]
[WhiteElo "2425"]
[BlackElo "2580"]
[PlyCount "159"]
[EventDate "1996.??.??"]
[EventType "team"]
[EventRounds "11"]
[EventCountry "ISR"]
[Source "ChessBase"]
[SourceDate "1997.09.26"]

1. g3 Nf6 2. Bg2 d5 3. Nf3 Bg4 4. d3 Nbd7 5. O-O e5 6. Nc3 c6 7. e4 dxe4 8.
Nxe4 Nxe4 9. dxe4 Bc5 10. h3 Bh5 11. Qd3 O-O 12. Be3 Qc7 13. Qc3 Bxe3 14. Qxe3
Rfd8 15. Nh4 Qb6 16. Qg5 Bg6 17. Nxg6 hxg6 18. Rad1 Qc5 19. Rd3 Nf6 20. Qd2 Qb6
21. Qc3 Rxd3 22. cxd3 Rd8 23. Qxe5 Rxd3 24. b3 Nd7 25. Qb2 Qb4 26. Qc1 Qd4 27.
Qg5 Ne5 28. Qe7 Rd2 29. Qxb7 Nd3 30. Qxc6 Rxf2 31. Rxf2 Qxf2+ 32. Kh2 Kh7 33.
e5 Nxe5 34. Qe4 f6 35. a4 a5 36. Qd5 g5 37. Qe4+ Kh6 38. h4 g4 39. Qf4+ Qxf4
40. gxf4 Nd3 41. Kg3 f5 42. Bd5 Kh5 43. Bc4 Nc5 44. Bf7+ g6 45. b4 axb4 46. a5
Ne4+ 47. Kg2 Nd6 48. a6 Nb5 49. Bc4 Na7 50. Kg3 Kh6 51. Bb3 Kg7 52. Bc4 Kf6 53.
Bb3 Ke7 54. Bc4 Nc8 55. Bb3 Kd6 56. Bf7 Kc7 57. Bxg6 Nd6 58. a7 Kb7 59. a8=Q+
Kxa8 60. h5 b3 61. h6 b2 62. h7 b1=Q 63. h8=Q+ Kb7 64. Qg7+ Kc6 65. Qc3+ Kb7
66. Qg7+ Ka6 67. Qf6 Qe1+ 68. Kg2 Qd2+ 69. Kg3 Qe3+ 70. Kg2 Qe2+ 71. Kg1 Qd1+
72. Kg2 Qd5+ 73. Kg1 Kb5 74. Qb2+ Kc6 75. Kh2 Qc4 76. Qe5 Qc2+ 77. Kg1 Qe4 78.
Qxe4+ fxe4 79. Kf2 Kd5 80. Bh5 1/2-1/2

[Event "ISR-chT"]
[Site "ISR"]
[Date "1996.??.??"]
[Round "8"]
[White "Huzman, Alexander"]
[Black "Porper, Edward"]
[Result "1/2-1/2"]
[WhiteElo "2570"]
[BlackElo "2425"]
[PlyCount "47"]
[EventDate "1996.??.??"]
[EventType "team"]
[EventRounds "11"]
[EventCountry "ISR"]
[Source "ChessBase"]
[SourceDate "1997.09.26"]

1. d4 d5 2. c4 c6 3. Nf3 e6 4. Bg5 f6 5. Bf4 dxc4 6. Nc3 Bd6 7. e3 Bxf4 8. exf4
b5 9. a4 Qd6 10. axb5 cxb5 11. Nxb5 Qb4+ 12. Nc3 Qxb2 13. Ne4 Qb4+ 14. Qd2 Nc6
15. Bxc4 Nge7 16. Qxb4 Nxb4 17. Kd2 Ned5 18. Rhb1 Ke7 19. Ra3 Rd8 20. Rba1 a6
21. Rb1 Nc6 22. g3 Ndb4 23. Kc3 Rb8 24. Rba1 1/2-1/2

[Event "ISR-chT"]
[Site "ISR"]
[Date "1996.??.??"]
[Round "10"]
[White "Shvidler, Eliahu"]
[Black "Porper, Edward"]
[Result "1-0"]
[WhiteElo "2460"]
[BlackElo "2425"]
[PlyCount "89"]
[EventDate "1996.??.??"]
[EventType "team"]
[EventRounds "11"]
[EventCountry "ISR"]
[Source "ChessBase"]
[SourceDate "1997.09.26"]

1. d4 d5 2. Nf3 c6 3. c4 e6 4. Qc2 Nf6 5. g3 Bb4+ 6. Bd2 Be7 7. Bg2 O-O 8. O-O
Nbd7 9. Bg5 h6 10. Bxf6 Nxf6 11. Nbd2 Qb6 12. Rfc1 Rd8 13. Rab1 Bd7 14. b4 Be8
15. e3 Rac8 16. a4 Qc7 17. Ne5 Nd7 18. Nd3 Nf8 19. Qa2 Qb8 20. c5 a6 21. Rb2
Bf6 22. f4 Ng6 23. Nf3 Ne7 24. Rb3 g6 25. Qf2 b6 26. cxb6 Qxb6 27. a5 Qa7 28.
Nc5 Nf5 29. Bf1 Nd6 30. Bxa6 Rb8 31. Bd3 Be7 32. Ne5 Rdc8 33. Qe2 Nb5 34. h4
Bxc5 35. Rxc5 Nd6 36. Qc2 Qa8 37. h5 gxh5 38. Qh2 f6 39. Qh3 fxe5 40. Qxe6+ Nf7
41. fxe5 Qa7 42. Rb2 Qd7 43. Qg6+ Kf8 44. e6 Qe7 45. Rf2 1-0

[Event "Tel Aviv Cup rapid"]
[Site "Tel Aviv ISR"]
[Date "1996.??.??"]
[Round "1"]
[White "Manor, Ilan"]
[Black "Porper, Edward"]
[Result "1-0"]
[WhiteElo "2510"]
[BlackElo "2425"]
[PlyCount "33"]
[EventDate "1996.??.??"]
[EventType "k.o."]
[EventRounds "6"]
[EventCountry "ISR"]
[Source "ChessBase"]
[SourceDate "1997.09.26"]

1. d4 d5 2. c4 Nc6 3. Nc3 dxc4 4. d5 Na5 5. e4 c6 6. Nf3 e6 7. Be2 exd5 8. exd5
cxd5 9. Qxd5 Be6 10. Qb5+ Bd7 11. Qe5+ Be7 12. Qxg7 Bf6 13. Qg3 Ne7 14. O-O Rg8
15. Qf4 Ng6 16. Qe4+ Qe7 17. Nd5 1-0

[Event "Tel Aviv Cup rapid"]
[Site "Tel Aviv ISR"]
[Date "1996.??.??"]
[Round "1"]
[White "Manor, Ilan"]
[Black "Porper, Edward"]
[Result "1/2-1/2"]
[WhiteElo "2510"]
[BlackElo "2425"]
[PlyCount "86"]
[EventDate "1996.??.??"]
[EventType "k.o."]
[EventRounds "6"]
[EventCountry "ISR"]
[Source "ChessBase"]
[SourceDate "1997.09.26"]

1. d4 d5 2. c4 c6 3. Nf3 e6 4. g3 Nf6 5. Bg2 Be7 6. O-O O-O 7. Qc2 Nbd7 8. b3
b6 9. Nc3 Bb7 10. Rd1 Qc8 11. Bb2 Rd8 12. Rac1 Ba6 13. Nd2 b5 14. e4 bxc4 15.
bxc4 Nb6 16. c5 Nc4 17. Nxc4 Bxc4 18. e5 Nd7 19. Ne4 Qa6 20. Nd2 Bd3 21. Qc3
Rdb8 22. Qa3 Qxa3 23. Bxa3 Bd8 24. Nf1 Bg6 25. Ne3 Rb5 26. f4 Rab8 27. Kf2 Ra5
28. Rc3 Ra4 29. f5 Ba5 30. Rcd3 exf5 31. Bh3 Bb4 32. Bxb4 Rbxb4 33. R3d2 Bh5
34. Nxf5 Bxd1 35. Ne7+ Kf8 36. Nxc6 Rb7 37. Rxd1 Rxa2+ 38. Ke3 Ra6 39. Nd8 Rb3+
40. Kf4 Nb8 41. Bg2 Rb2 42. Bxd5 Ke7 43. c6 Nxc6 1/2-1/2

[Event "Tel Aviv Cup rapid"]
[Site "Tel Aviv ISR"]
[Date "1996.??.??"]
[Round "1"]
[White "Porper, Edward"]
[Black "Manor, Ilan"]
[Result "0-1"]
[WhiteElo "2425"]
[BlackElo "2510"]
[PlyCount "58"]
[EventDate "1996.??.??"]
[EventType "k.o."]
[EventRounds "6"]
[EventCountry "ISR"]
[Source "ChessBase"]
[SourceDate "1997.09.26"]

1. d4 Nf6 2. Nf3 g6 3. c4 Bg7 4. Nc3 d5 5. cxd5 Nxd5 6. Bd2 O-O 7. e4 Nb6 8.
Be3 Bg4 9. Be2 Nc6 10. e5 Qd7 11. O-O Rad8 12. Nd2 Bxe2 13. Nxe2 Nd5 14. Ne4
Qg4 15. N2g3 Nxe5 16. Qb3 Nc6 17. Qxb7 Nxd4 18. Qxa7 Nc2 19. Rac1 Ncxe3 20.
fxe3 Nxe3 21. Qxc7 Nxf1 22. Rxf1 Rd1 23. Qxe7 Bd4+ 24. Kh1 Rxf1+ 25. Nxf1 Qf4
26. Nfd2 Rc8 27. g3 Rc1+ 28. Kg2 Rg1+ 29. Kh3 Qf5+ 0-1

[Event "Groningen op"]
[Site "Groningen NED"]
[Date "1995.??.??"]
[Round "?"]
[White "Porper, Edward"]
[Black "Hendriks, Willy"]
[Result "1-0"]
[WhiteElo "2425"]
[BlackElo "2395"]
[PlyCount "57"]
[EventDate "1995.??.??"]
[EventType "swiss"]
[EventRounds "11"]
[EventCountry "NED"]
[Source "ChessBase"]

1. d4 Nf6 2. Nf3 c5 3. d5 b5 4. Bg5 Bb7 5. Bxf6 exf6 6. Qd3 Bd6 7. Nc3 b4 8.
Ne4 Qe7 9. Nfd2 O-O 10. Nc4 Bf4 11. e3 Re8 12. Ng3 g6 13. O-O-O Bxg3 14. hxg3
d6 15. e4 Nd7 16. Qe3 a5 17. Qf4 Ne5 18. Qh6 Qc7 19. Ne3 c4 20. f4 Nd3+ 21.
Bxd3 cxd3 22. Rxd3 Rac8 23. Rd2 Qd7 24. e5 fxe5 25. Qxh7+ Kf8 26. Qh8+ Ke7 27.
Qh4+ f6 28. fxe5 dxe5 29. d6+ 1-0

[Event "Groningen op"]
[Site "Groningen NED"]
[Date "1995.??.??"]
[Round "?"]
[White "Porper, Edward"]
[Black "Metz, Hartmut"]
[Result "1-0"]
[WhiteElo "2425"]
[BlackElo "2320"]
[PlyCount "109"]
[EventDate "1995.??.??"]
[EventType "swiss"]
[EventRounds "11"]
[EventCountry "NED"]
[Source "ChessBase"]

1. d4 c6 2. c4 d5 3. Nf3 Nf6 4. Nc3 dxc4 5. a4 Bf5 6. Ne5 e6 7. f3 Bb4 8. e4
Bxe4 9. fxe4 Nxe4 10. Bd2 Qxd4 11. Nxe4 Qxe4+ 12. Qe2 Bxd2+ 13. Kxd2 Qd5+ 14.
Kc2 O-O 15. Nxc4 b5 16. Nd2 Nd7 17. Qd3 Qc5+ 18. Qc3 Qf2 19. Bd3 Nb6 20. Rhf1
Qh4 21. Nf3 Qe7 22. Qa3 b4 23. Qb3 c5 24. Kb1 Rad8 25. Bc4 Kh8 26. Ka2 e5 27.
Rac1 e4 28. Rfe1 f5 29. h4 Nxc4 30. Qxc4 Qd7 31. Ng5 Qxa4+ 32. Kb1 Rd7 33. Ne6
Rc8 34. Nxc5 Rdc7 35. Nxa4 Rxc4 36. Rxc4 Rxc4 37. Rc1 Rxc1+ 38. Kxc1 g5 39.
hxg5 Kg7 40. Nc5 Kg6 41. Ne6 a5 42. b3 Kh5 43. Kd2 Kg4 44. Ke2 f4 45. Nc5 Kf5
46. Nb7 Ke5 47. Nxa5 Kd4 48. Kd2 Ke5 49. Nc6+ Kf5 50. Nxb4 Kxg5 51. Nd5 Kf5 52.
Ke2 Ke5 53. Nc3 Kd4 54. b4 h5 55. b5 1-0

[Event "Berliner Sommer op"]
[Site "Berlin GER"]
[Date "1994.??.??"]
[Round "?"]
[White "Eingorn, Vereslav"]
[Black "Porper, Edward"]
[Result "1-0"]
[WhiteElo "2585"]
[BlackElo "2400"]
[PlyCount "89"]
[EventDate "1994.08.??"]
[EventType "swiss"]
[EventRounds "9"]
[EventCountry "GER"]

1. d4 Nf6 2. Nf3 d5 3. c4 e6 4. Bg5 Nbd7 5. Nc3 Bb4 6. cxd5 exd5 7. Qc2 h6 8.
Bf4 O-O 9. e3 c5 10. Be2 Bxc3+ 11. bxc3 c4 12. Nd2 Re8 13. O-O Nf8 14. a4 Ne6
15. Be5 Ng5 16. f3 Nd7 17. Bf4 Nf8 18. e4 Ng6 19. Bg3 Qf6 20. Rae1 Nf4 21. Bxf4
Qxf4 22. Bd1 Bd7 23. Qc1 Bc6 24. e5 Bd7 25. g3 Nh3+ 26. Kg2 Qf5 27. f4 g5 28.
Qc2 g4 29. Nb1 b6 30. Na3 Qd3 31. Qb1 Qg6 32. Bc2 Qh5 33. Qb2 a6 34. Qb4 b5 35.
a5 Bf5 36. Re2 Bxc2 37. Nxc2 Qf5 38. Qb1 Qd3 39. Qe1 Rab8 40. Nb4 Qg6 41. f5
Qg5 42. Nxd5 Red8 43. Nf6+ Kh8 44. d5 b4 45. cxb4 1-0

[Event "Berliner Sommer op"]
[Site "Berlin GER"]
[Date "1994.??.??"]
[Round "?"]
[White "Kalinitschew, Sergey"]
[Black "Porper, Edward"]
[Result "0-1"]
[WhiteElo "2485"]
[BlackElo "2400"]
[PlyCount "92"]
[EventDate "1994.08.??"]
[EventType "swiss"]
[EventRounds "9"]
[EventCountry "GER"]

1. d4 d6 2. e4 Nf6 3. Bd3 e5 4. c3 c6 5. Nf3 Nbd7 6. O-O Be7 7. Nbd2 Qc7 8. Re1
O-O 9. Nf1 Re8 10. Ng3 Nf8 11. h3 Ng6 12. Nh2 Be6 13. Ng4 Nxg4 14. hxg4 exd4
15. cxd4 d5 16. e5 c5 17. Be3 cxd4 18. Bxd4 Bg5 19. Qf3 Nf4 20. Bb5 Rec8 21.
Nf5 a6 22. Bf1 Qd7 23. g3 Ng6 24. Bd3 Nf8 25. Qh1 g6 26. Nd6 Qa4 27. Be3 Bxe3
28. Rxe3 Rc7 29. Nf5 Rac8 30. Ree1 gxf5 31. gxf5 Qg4 32. fxe6 fxe6 33. Qh6 Rf7
34. Re3 Ng6 35. Rf1 Rcf8 36. Be2 Qd4 37. b3 Qd2 38. a4 d4 39. Rd1 Qb2 40. Re4
d3 41. Rg4 Qxe2 42. Rxg6+ Kh8 43. Rd2 Qe1+ 44. Kh2 Rxf2+ 45. Rxf2 Rxf2+ 46. Kh3
Qh1+ 0-1

[Event "Berliner Sommer op"]
[Site "Berlin GER"]
[Date "1994.??.??"]
[Round "?"]
[White "Porper, Edward"]
[Black "Baldazzi, Stefano"]
[Result "1-0"]
[WhiteElo "2400"]
[BlackElo "2210"]
[PlyCount "55"]
[EventDate "1994.08.??"]
[EventType "swiss"]
[EventRounds "9"]
[EventCountry "GER"]

1. d4 Nf6 2. c4 c5 3. d5 e6 4. Nc3 exd5 5. cxd5 d6 6. e4 g6 7. Bf4 a6 8. Nf3
Bg7 9. Qa4+ Bd7 10. Qb3 Qc7 11. e5 dxe5 12. Bxe5 Qc8 13. Qb6 Nh5 14. Bxg7 Nxg7
15. Qd6 Bf5 16. O-O-O Nd7 17. Re1+ Kd8 18. Ne5 Qc7 19. Nxf7+ Kc8 20. Qxc7+ Kxc7
21. Nxh8 Rxh8 22. f3 h5 23. h4 b5 24. Rg1 b4 25. Nd1 Re8 26. Rxe8 Nxe8 27. Bxa6
Ne5 28. Re1 1-0

[Event "Berliner Sommer op"]
[Site "Berlin GER"]
[Date "1994.??.??"]
[Round "?"]
[White "Porper, Edward"]
[Black "Pioch, Thomas"]
[Result "1-0"]
[WhiteElo "2400"]
[BlackElo "2165"]
[PlyCount "49"]
[EventDate "1994.08.??"]
[EventType "swiss"]
[EventRounds "9"]
[EventCountry "GER"]

1. d4 Nf6 2. c4 e6 3. Nf3 b6 4. Nc3 Bb7 5. a3 d5 6. cxd5 exd5 7. Qa4+ c6 8. g3
Nbd7 9. Bh3 Bd6 10. Bg5 b5 11. Qc2 Qa5 12. O-O O-O 13. Nh4 Rfe8 14. Rfe1 h6 15.
Nf5 Bf8 16. Bf4 Qb6 17. Rad1 c5 18. Bg2 Rac8 19. Qd2 Ne4 20. Nxe4 dxe4 21. dxc5
Nxc5 22. Be3 Qa6 23. Qd4 Qa4 24. Bh3 Qxd4 25. Nxd4 1-0

[Event "Berliner Sommer op"]
[Site "Berlin GER"]
[Date "1994.??.??"]
[Round "?"]
[White "Porper, Edward"]
[Black "Ulibin, Mikhail"]
[Result "0-1"]
[WhiteElo "2400"]
[BlackElo "2510"]
[PlyCount "74"]
[EventDate "1994.08.??"]
[EventType "swiss"]
[EventRounds "9"]
[EventCountry "GER"]

1. d4 e6 2. c4 Nf6 3. Nf3 Bb4+ 4. Bd2 Qe7 5. Nc3 O-O 6. e3 b6 7. Bd3 Bb7 8. Qc2
c5 9. a3 Bxc3 10. Bxc3 h6 11. O-O d6 12. e4 cxd4 13. Nxd4 Nbd7 14. Rae1 Nc5 15.
f4 Rfc8 16. Nb5 e5 17. Bb4 a6 18. Nc3 Ncd7 19. Na4 Bc6 20. f5 Ra7 21. Bd2 Bxa4
22. Qxa4 Nc5 23. Qc2 Rac7 24. b3 b5 25. cxb5 Ncxe4 26. Qd1 Nxd2 27. Qxd2 axb5
28. Bxb5 Rc2 29. Qd1 Qb7 30. Be2 Qxb3 31. Rf3 Qb6+ 32. Kh1 Ng4 33. Bd3 Nf2+ 34.
Rxf2 Rxf2 35. Be4 Qd4 36. Qb1 d5 37. Qb7 Qc3 0-1

[Event "Berliner Sommer op"]
[Site "Berlin GER"]
[Date "1994.??.??"]
[Round "?"]
[White "Porper, Edward"]
[Black "Wittke, Martin"]
[Result "1-0"]
[WhiteElo "2400"]
[BlackElo "2220"]
[PlyCount "77"]
[EventDate "1994.08.??"]
[EventType "swiss"]
[EventRounds "9"]
[EventCountry "GER"]

1. d4 g6 2. c4 Bg7 3. Nc3 d6 4. Nf3 Nc6 5. e4 e5 6. d5 Nce7 7. Be2 f5 8. exf5
gxf5 9. Ng5 Nf6 10. Bh5+ Ng6 11. Nxh7 Nxh7 12. Bxg6+ Kf8 13. Qh5 Nf6 14. Qf3 e4
15. Qf4 Bh6 16. Qxh6+ Rxh6 17. Bxh6+ Kg8 18. h4 Ng4 19. Bg5 Qf8 20. Bh5 Ne5 21.
f4 Nd3+ 22. Kf1 Nxb2 23. Rh3 Qg7 24. Rg3 Nd3 25. Rd1 Kh7 26. Ne2 Bd7 27. Rb1 b6
28. Kg1 Rg8 29. Kh2 Qf8 30. Nd4 Qc8 31. Bf7 Rg7 32. Be6 Qa6 33. Nxf5 Qxa2 34.
Rf1 Qe2 35. Kg1 Be8 36. Nxg7 Kxg7 37. f5 Bh5 38. f6+ Kg6 39. f7 1-0

[Event "Berliner Sommer op"]
[Site "Berlin GER"]
[Date "1994.??.??"]
[Round "?"]
[White "Shneider, Aleksandr"]
[Black "Porper, Edward"]
[Result "1-0"]
[WhiteElo "2535"]
[BlackElo "2400"]
[PlyCount "87"]
[EventDate "1994.08.??"]
[EventType "swiss"]
[EventRounds "9"]
[EventCountry "GER"]

1. d4 Nf6 2. c4 e5 3. dxe5 Ng4 4. Nf3 Nc6 5. Bf4 Bb4+ 6. Nbd2 Qe7 7. e3 Ngxe5
8. Nxe5 Nxe5 9. Be2 O-O 10. O-O Ng6 11. Bg3 Bd6 12. Bxd6 Qxd6 13. Ne4 Qe5 14.
Nc3 b6 15. Qd5 Rb8 16. Qxe5 Nxe5 17. f4 Ng6 18. Nb5 Bb7 19. Rfd1 Nh4 20. g3 Nf5
21. Rxd7 Nxe3 22. Rxc7 Rfd8 23. Kf2 Nf5 24. Rd1 Rxd1 25. Bxd1 a6 26. Nc3 Nd4
27. Rd7 Ne6 28. Bg4 Nc5 29. Rd6 Ne4+ 30. Nxe4 Bxe4 31. Bf3 Bxf3 32. Kxf3 Kf8
33. Ke4 Ke7 34. Kd5 a5 35. b3 Rb7 36. a3 Rb8 37. b4 axb4 38. axb4 g6 39. g4 h6
40. f5 gxf5 41. gxf5 f6 42. Re6+ Kf7 43. Kc6 Rc8+ 44. Kb5 1-0

[Event "Lenk op"]
[Site "Lenk SUI"]
[Date "1994.??.??"]
[Round "2"]
[White "Beimfohr, Uwe"]
[Black "Porper, Edward"]
[Result "0-1"]
[WhiteElo "2120"]
[BlackElo "2400"]
[PlyCount "100"]
[EventDate "1994.??.??"]
[EventType "swiss"]
[EventRounds "7"]
[EventCountry "SUI"]

1. e4 c5 2. Nf3 Nc6 3. Bb5 e6 4. O-O Nge7 5. Re1 a6 6. Bxc6 Nxc6 7. d4 cxd4 8.
Nxd4 Qb6 9. Nxc6 Qxc6 10. Qd3 b6 11. c4 Bb7 12. Nc3 Rc8 13. Rd1 d6 14. Bf4 Qxc4
15. Bxd6 Qxd3 16. Rxd3 Bxd6 17. Rxd6 Bc6 18. Rad1 Ke7 19. f4 b5 20. a3 a5 21.
b4 axb4 22. axb4 Rc7 23. Kf2 Ra8 24. R6d3 Be8 25. Ne2 Rc4 26. Rd4 Rxd4 27. Rxd4
Ra3 28. Nc1 Bc6 29. e5 Bd5 30. Rd2 Rc3 31. Nd3 g6 32. Ke3 f5 33. g3 Kf7 34. Ke2
h5 35. Nc5 h4 36. gxh4 Rh3 37. Kf1 Rxh4 38. Rf2 Rh3 39. Ke2 Ra3 40. Kd2 Kg7 41.
Ke1 Ra1+ 42. Kd2 Kh6 43. Nd7 Rb1 44. Kc3 Rc1+ 45. Kd3 Rc4 46. Nb6 Be4+ 47. Ke3
Rxb4 48. Nd7 Rb3+ 49. Ke2 Rc3 50. Nf6 Rc2+ 0-1